000 00784 a2200205 4500
003 OSt
005 20180116192341.0
008 120524t xxu||||| |||| 00| 0 eng d
010 _a 63013448
040 _c0
082 0 0 _a620.11
245 0 4 _aThe Encyclopedia of engineering materials and processes.
_cEditor in chief: H.R. Clauser; Associate editors: Robert Fabian and Donald Peckner and Malcolm W. Riley.
260 _aNew York :
_bReinhold Pub. Corp.,
_c[1963]
300 _axi, 787 p.:
_billus., diagrs., tables.
_c26 cm.
650 1 0 _aMaterials
_xDictionaries.
_91805
650 0 _aManufacturing processes
_xDictionaries.
_91806
700 1 _aClauser, Henry R.,
_91807
942 _aSADA
_cREF
_kREF 620.11 ENC 1963
_2ddc
999 _c352655
_d352655